| 000 | 00716nam a2200253 a 4500 | ||
|---|---|---|---|
| 005 | 20210219153446.0 | ||
| 008 | 991125n 000 0 u | ||
| 035 | _aUPN01000101079 | ||
| 100 | _aColton, Dean A. | ||
| 222 | _aJOURNAL OF EDUCATIONAL MEASUREMENT | ||
| 245 | _aA strategy for examining the validity of job analysis data / [et al.] | ||
| 300 | _a283-294 | ||
| 362 | _a28, No. 4, 1991 | ||
| 505 | _aJunio 1992 | ||
| 653 | 0 | _aANALISIS DE DATOS | |
| 653 | 0 | _aANALISIS DEL TRABAJO | |
| 653 | 0 | _aENFERMERAS | |
| 653 | 0 | _aOCCUPATIONAL INFORMATION | |
| 653 | 0 | _aPRUEBAS DE VALIDACION | |
| 700 | _aKane, Michael T. | ||
| 700 | _aKingsbury, Carole | ||
| 904 |
_aAC _b038890 |
||
| 905 | _aArticulo | ||
| 999 |
_c77425 _d77425 |
||